000 00498 a2200193 4500
260 _aLondon
260 _bRoutledge
260 _bK. Paul
300 _axii-418 p.
100 _aMAUNIER, René
650 _aSOCIOLOGIE
440 _aThe Sociology of colonies : an introduction to the study of race contact : Vol.1
260 _c[1949]
130 _lEn
440 _aInternational Library of Sociology and Social Reconstruction
690 _aColonisation
999 _c23449
_d23449